Czym nie lubimy się dzielić - Statystyki

Ogólne statystyki
  • Ten quiz został rozwiązany 184 razy
  • Średni wynik to 3 z 7
Statystyki odpowiedzi
Odpowiedz na Pytanie % Poprawnych
Jedzeniem
86%
Pieniędzmi
84%
Ubraniami
48%
Samochodem
32%
Partnerem | Partnerką
28%
Szczoteczką
16%
Tajemnicami
12%
Nie znaleziono quizów pasujących do podanych kryteriów
Rozkład punktacji
Procent ludzi z każdym wynikiem
Percentyl według liczby udzielonych odpowiedzi
Twoja historia wyników
Nie rozwiązałeś tego quizu